000
00255nam a22000857a 4500
008
160706b xxu||||| |||| 00| 0 eng d
100
_9
2402
_a
Maanu Graphics
245
_a
Illustrated Miraculous Facts
_b
You wouldn't Know
260
_a
New Delhi
_b
Maanu Graphics
_c
2012
999
_c
2077
_d
2077